[Event "1LZ 18/19  Kozolupy-Vysehrad"]
[Site "?"]
[Date "2018.12.09"]
[Round "4.1"]
[White "Nagy, Gabor"]
[Black "Vavra, Pavel"]
[Result "1/2-1/2"]
[WhiteElo "2462"]
[BlackElo "2350"]
[PlyCount "61"]
[EventDate "2012.10.15"]
[SourceDate "2012.10.15"]

1. e4 e6 2. d4 d5 3. Nc3 Nf6 4. Bg5 Bb4 5. e5 h6 6. Bc1 Ne4 7. Nge2 c5 8. a3
Nxc3 9. Nxc3 Bxc3+ 10. bxc3 Qc7 11. Bd2 Bd7 12. Qg4 Nc6 13. Be2 O-O-O 14. O-O
g5 15. f4 cxd4 16. fxg5 dxc3 17. Bxc3 hxg5 18. Qxg5 d4 19. Bd2 Rdg8 20. Qf6
Qxe5 21. Qxe5 Nxe5 22. Bf4 Ng6 23. Bg5 Bc6 24. g3 Rh7 25. Rad1 e5 26. Bd3 e4
27. Be2 Ne5 28. Bf4 Nf3+ 29. Bxf3 exf3 30. Rxd4 f5 31. Rd2 1/2-1/2

[Event "1LZ 18/19 Kozolupy-Vysehrad"]
[Site "?"]
[Date "2018.12.09"]
[Round "4.2"]
[White "Londyn, Radek"]
[Black "Neuman, Petr"]
[Result "1/2-1/2"]
[WhiteElo "2415"]
[BlackElo "2427"]
[PlyCount "96"]
[EventDate "2012.10.15"]
[SourceDate "2012.10.15"]

1. e4 c5 2. Be2 g6 3. f4 d5 4. d3 Nc6 5. Nf3 Bg7 6. O-O e6 7. c3 Nge7 8. Na3 d4
9. Qe1 b6 10. c4 f5 11. e5 Bb7 12. Nc2 a5 13. Na3 Na7 14. Ng5 Qd7 15. Bf3 Nec6
16. g4 h6 17. gxf5 hxg5 18. f6 Bf8 19. fxg5 Qh7 20. Bf4 O-O-O 21. Bg4 Re8 22.
Qg3 Nd8 23. Rf2 Nf7 $11 24. h3 Qh4 25. Qxh4 Rxh4 26. Kh2 Nc6 27. Re2 Nb4 28.
Rd2 Kd7 29. Kg3 Rh8 30. h4 Nc6 31. Re1 Be7 32. fxe7 Nxe7 33. Nb5 Nf5+ 34. Bxf5
exf5 35. Rde2 Nd8 36. Nd6 Re6 37. a3 Ba8 38. b3 Re7 39. Rh2 Reh7 40. Rf1 Ne6
41. Bd2 Bc6 42. Rb1 Kc7 43. Rf1 Kd7 44. Ra1 Ng7 45. b4 Nh5+ 46. Kf2 Ng7 47. Kg3
Nh5+ 48. Kf2 Ng7 1/2-1/2

[Event "1LZ 18/19 Kozolupy-Vysehrad"]
[Site "?"]
[Date "2018.12.09"]
[Round "4.3"]
[White "Novak, Pavel"]
[Black "Vichnar, David"]
[Result "1/2-1/2"]
[WhiteElo "2380"]
[BlackElo "2437"]
[PlyCount "47"]
[EventDate "2012.10.15"]
[SourceDate "2012.10.15"]

1. e4 e5 2. Nf3 Nf6 3. d4 exd4 4. e5 Ne4 5. Qxd4 d5 6. exd6 Nxd6 7. Bg5 f6 8.
Be3 Nc6 9. Qd2 Be6 10. Nc3 Nc4 11. Bxc4 Bxc4 12. O-O-O Qxd2+ 13. Nxd2 Be6 14.
Nde4 Be7 15. Bc5 b6 16. Bxe7 Kxe7 17. Nd5+ Bxd5 18. Rxd5 Rad8 19. Nc3 Rxd5 20.
Nxd5+ Kd8 21. Rd1 Kc8 22. Re1 Rd8 23. Ne7+ Nxe7 24. Rxe7 1/2-1/2

[Event "1LZ 18/19 Kozolupy-Vysehrad"]
[Site "?"]
[Date "2018.12.09"]
[Round "4.4"]
[White "Vlasak, Lukas"]
[Black "Turner, Jan"]
[Result "1-0"]
[WhiteElo "2399"]
[BlackElo "2348"]
[PlyCount "89"]
[EventDate "2012.10.15"]
[SourceDate "2012.10.15"]

1. d4 d6 2. e4 Nf6 3. Nc3 c6 4. g3 e5 5. Nge2 Be7 6. Bg2 O-O 7. O-O Nbd7 8. h3
Re8 9. g4 Bf8 10. Ng3 exd4 11. Qxd4 Ne5 12. Be3 Qa5 13. g5 Nfd7 14. Kh2 Ng6 15.
Rae1 Qb6 16. Qxb6 axb6 $11 17. a4 Nc5 18. b3 Bd7 19. f4 Bc8 20. Nh5 Bd7 21. Bd4
Ra6 22. Rg1 Nh4 23. Bh1 Ng6 24. Bf2 b5 25. axb5 cxb5 26. b4 Na4 27. Nd5 Rc8 28.
Bd4 Rxc2+ 29. Rg2 Rxg2+ 30. Bxg2 Bc6 31. Kg3 Ra8 32. Bf1 Bxd5 $11 33. exd5 Ne7
34. Kg4 Nxd5 35. Bxb5 Nac3 36. Bc4 Rc8 37. Bb3 Nb5 38. Bxg7 Nxf4 39. Kxf4 Bxg7
40. Re7 Be5+ 41. Kg4 Nd4 42. Bd5 Nc2 43. Nf6+ Kg7 44. Kh5 Rf8 45. Nd7 1-0

[Event "1LZ 18/19 Kozolupy-Vysehrad"]
[Site "?"]
[Date "2018.12.09"]
[Round "4.5"]
[White "Michalek, Jan"]
[Black "Docekal, Jan"]
[Result "1-0"]
[WhiteElo "2248"]
[BlackElo "2254"]
[PlyCount "83"]
[EventDate "2012.10.15"]
[SourceDate "2012.10.15"]

1. e4 c5 2. Nf3 d6 3. Bb5+ Nd7 4. O-O a6 5. Bxd7+ Bxd7 6. d4 cxd4 7. Qxd4 e5 8.
Qd3 Be7 9. Nc3 Bc6 10. a4 h6 11. Nd5 Bxd5 12. exd5 Nf6 13. Nd2 O-O 14. a5 Nd7
15. Nc4 f5 16. f4 e4 17. Qe2 Nf6 18. Nb6 Rb8 19. c4 Nd7 20. Be3 Bf6 21. Rac1
Nc5 22. b4 Nd3 23. Rb1 Qe8 24. Rb3 Rd8 25. Kh1 Kh7 26. g3 Rf7 27. g4 g6 28.
gxf5 gxf5 29. Qh5 Bh8 30. Rg1 Rf8 31. Qh3 Qf7 32. Rg5 Rg8 33. Rxf5 Qg7 34. Rb1
Rdf8 35. Rxf8 Qxf8 36. Qe6 Nf2+ 37. Bxf2 Qxf4 38. Qh3 Qxf2 39. Rf1 Qd4 40. Qf5+
Rg6 41. Nd7 Bg7 42. Qf7 1-0

[Event "1LZ 18/19 Kozolupy-Vysehrad"]
[Site "?"]
[Date "2018.12.09"]
[Round "4.6"]
[White "Serrano, Salvador Eduardo"]
[Black "Cesal, Jaroslav"]
[Result "1-0"]
[WhiteElo "2242"]
[BlackElo "2177"]
[PlyCount "55"]
[EventDate "2012.10.15"]
[SourceDate "2012.10.15"]

1. d4 Nf6 2. Nf3 e6 3. c4 d5 4. Nc3 Be7 5. Bg5 Nbd7 6. e3 c6 7. Rc1 O-O 8. Qc2
b6 9. cxd5 exd5 10. Bd3 Bb7 11. O-O Re8 12. h3 Rc8 13. Ne5 Nf8 14. Bf5 Ra8 15.
Ne2 g6 16. Bd3 Rc8 17. Qa4 Qc7 18. Bb5 cxb5 19. Rxc7 bxa4 20. Rxb7 Rc2 21. Nf4
Ne6 22. Nxe6 fxe6 23. Rxa7 b5 24. Rb1 Kg7 25. Rb7 b4 26. Ng4 Nxg4 27. Bxe7 Nf6
28. Bd8+ 1-0

[Event "1LZ 18/19 Kozolupy-Vysehrad"]
[Site "?"]
[Date "2018.12.09"]
[Round "4.7"]
[White "Folk, Petr"]
[Black "Jurek, Josef"]
[Result "1/2-1/2"]
[WhiteElo "2167"]
[BlackElo "2250"]
[PlyCount "30"]
[EventDate "2012.10.15"]
[SourceDate "2012.10.15"]

1. e4 e6 2. d4 d5 3. Nd2 Be7 4. Bd3 c5 5. dxc5 Nf6 6. Ngf3 dxe4 7. Nxe4 Nxe4 8.
Bxe4 Qxd1+ 9. Kxd1 Bxc5 10. Ke2 Nd7 11. a3 a5 12. Bd2 a4 13. Bb4 Ke7 14. Rhd1
Bxb4 15. axb4 Nf6 1/2-1/2

[Event "1LZ 18/19 Kozolupy-Vysehrad"]
[Site "?"]
[Date "2018.12.09"]
[Round "4.8"]
[White "Netusil, Miloslav"]
[Black "Turner, Radek"]
[Result "0-1"]
[WhiteElo "2234"]
[BlackElo "2008"]
[PlyCount "136"]
[EventDate "2012.10.15"]
[SourceDate "2012.10.15"]

1. d4 Nf6 2. Nf3 g6 3. Bf4 c5 4. e3 Bg7 5. c3 Qb6 6. Na3 d6 7. Qb3 Be6 $5 $146
8. dxc5 Qxc5 $44 9. Qxb7 O-O 10. Qb5 Nbd7 11. Nd4 Rab8 12. Qxc5 Nxc5 13. O-O-O
Bxa2 14. Bg3 Nb3+ 15. Nxb3 Bxb3 16. Rd3 Rfc8 17. Nc2 Ne4 18. Nd4 Nc5 19. Rd2
Be6 20. Rc2 Nb3+ 21. Kd1 Nxd4 22. exd4 Bb3 23. Bd3 Bxc2+ 24. Kxc2 Bxd4 25. f4
Kg7 (25... Rxb2+ $3 26. Kxb2 Rxc3 $19) 26. Rd1 Bb6 27. Re1 Rc7 28. f5 gxf5 29.
Bxf5 e6 30. Be4 Rd8 31. Rd1 Rcd7 32. Bc6 Rc7 $138 33. Bf3 Rcd7 34. Bc6 Rc7 35.
Bf3 d5 $5 (35... Bc5 $142) 36. Bxc7 Bxc7 37. h3 Bb6 38. Re1 Rc8 39. Re2 Kf6 40.
Kd3 Rd8 41. c4 dxc4+ 42. Kxc4 e5 43. Bd5 Rc8+ 44. Kd3 Bd4 45. Rc2 Rd8 46. Ke4
Rd7 47. b3 Kg5 48. g4 h5 49. Rg2 Kh4 50. Bc6 Rd6 51. Rc2 hxg4 52. hxg4 Kxg4 53.
Rg2+ Kh3 54. Rc2 Rf6 55. Bd7+ Kg3 56. Bf5 Rb6 57. Rc7 Rxb3 58. Rxf7 Re3+ 59.
Kd5 Rf3 60. Rg7+ Kf2 61. Be4 Rg3 62. Rc7 Rc3 63. Rb7 Ke3 64. Bh7 a5 65. Rg7 a4
66. Bb1 a3 67. Rg2 Rc5+ 68. Ke6 Rb5 0-1